La crítica de la colonialidad en ocho ensayos. Y una antropología por demanda
Guardat en:
| Autor principal: | |
|---|---|
| Format: | Llibre |
| Idioma: | anglès |
| Publicat: |
Buenos Aires, Argentina.
Prometeo Libros,
2019
|
| Edició: | 2a.ed. |
| Matèries: | |
| Etiquetes: |
Afegir etiqueta
Sense etiquetes, Sigues el primer a etiquetar aquest registre!
|
MARC
| LEADER | 00000nam a22000007a 4500 | ||
|---|---|---|---|
| 003 | CL-VaPUC | ||
| 005 | 20250307100132.0 | ||
| 008 | 210729b2018 ||||| |||| 00| 0 eng d | ||
| 999 | |c 433392 |d 433390 | ||
| 020 | |a 978-987-574-625-1 | ||
| 040 | |c Pontificia Universidad Católica de Valparaíso | ||
| 082 | |a 306 SEG 2019 | ||
| 100 | |a Segato, Rita Laura |e autora |9 521476 | ||
| 245 | 1 | 3 | |a La crítica de la colonialidad en ocho ensayos. |b Y una antropología por demanda |
| 250 | |a 2a.ed. | ||
| 260 | |a Buenos Aires, Argentina. |b Prometeo Libros, |c 2019 | ||
| 300 | |a 293 páginas | ||
| 500 | |a Donación Prof. Sr. Raúl Rodríguez F., Inst. Literatura Memo 6/2021 21/7/2021 | ||
| 583 | |c 20210729 |k Cristina Rojas | ||
| 650 | 0 | |a Antropología |9 233030 | |
| 650 | 0 | |a Mestizaje |9 314827 | |
| 650 | 0 | |9 549258 |a Estudios de género | |
| 942 | |2 ddc |c BK | ||
| 952 | |0 0 |1 0 |2 ddc |4 0 |6 306_000000000000000_SEG_2019 |7 0 |8 A |9 578514 |a FDOPOS |b FDOPOS |d 2021-07-29 |i 5622832 |o 306 SEG 2019 |p 5622832 |r 2023-08-09 |t 1 |w 2021-07-29 |y BK |k DLH | ||